| 000 | 00367nam a2200157Ia 4500 | ||
|---|---|---|---|
| 008 | 150201s2009 xx 000 0 und d | ||
| 082 |
_a515 _bWEI |
||
| 100 | _aWeir,Maurice D | ||
| 245 | _aThomas' calculus | ||
| 250 | _a12th . Ed. | ||
| 260 |
_bPearson _aN.Delhi _c2009 |
||
| 300 | _a1228p. | ||
| 700 | _aGiordano,Frank R | ||
| 700 | _aHass,Joel | ||
| 942 |
_2ddc _cBK |
||
| 999 |
_c5229 _d5229 |
||